| 000 | 00749nam a22002297a 4500 | ||
|---|---|---|---|
| 005 | 20250401121218.0 | ||
| 008 | 250401b |||||||| |||| 00| 0 eng d | ||
| 020 | _a978-81-19196-67-8 (hbk) | ||
| 037 | _cTB | ||
| 040 |
_aAL _cAL |
||
| 041 |
_2eng _aeng |
||
| 084 |
_aR65,6:g R3 _qAL |
||
| 100 |
_aMohan, G. Ram _9751661 |
||
| 245 |
_aGita kathamrutham: _bnectar of bhagawad gita in stories |
||
| 260 |
_aDelhi, India: _bMotilal Banarsidass International, _c2023 |
||
| 300 | _axv, 448p. | ||
| 365 |
_b795.00 _cINR |
||
| 650 | _aPhilosophy | ||
| 650 |
_aBhagvad Gita _9751662 |
||
| 942 |
_2CC _cTB _hR65,6:g R3 _n0 |
||
| 999 |
_c1308319 _d1308319 |
||